000 01213cam a22003497a 4500
003 CHAP
005 20220329141846.0
008 980313d1985 mx r 00110 spa d
010 _a74905
011 _a75877
035 _a85450
040 _cCHAP
090 _aTesis
100 0 0 _aVelasco Carrillo, Ricardo.
_9118377
245 1 0 _aEvaluación de métodos de muestreo para dos manejos de suelo diferente en Valles Centrales de Oaxaca
_c/por Ricardo Velasco Carrillo y David Martínez Sánchez
260 _aChapingo, Méx. :
_bEl autor,
_c1985.
300 _a105 h.
502 _aTesis (Ing. Agr. Esp. en Suelos) -- UACH. Departamento de Suelos
590 _aALEPH
_b10
_c20130110
_lUCH01
_h1422
590 _aBATCH-UPD
_b10
_c20130110
_lUCH01
_h0455
590 _aBATCH-UPD
_b10
_c20130410
_lUCH01
_h0132
590 _aBATCH-UPD
_b10
_c20130914
_lUCH01
_h1801
590 _aCONVERSION
_b10
_c20130109
_lUCH01
_h1341
650 1 4 _aMuestreo de suelos.
_979287
650 1 4 _aSuelos
_xAnálisis.
_9110204
650 1 4 _aSuelos
_xOaxaca.
_9110454
700 0 _aMartínez Sánchez, David.
_972531
901 _aBK
905 _aLilia Sánchez G.
942 _cTESIS
949 _bBC
_cTES
_d854501
_eTS1
_h17484
_i85450
_sb
999 _c74905
_d74905